Méthodes et modèles de la recherche opérationnelle: les mathématiques de l'enterprise

Guardat en:
Dades bibliogràfiques
Autor principal: Kaufmann, Arnold (Autor)
Format: Llibre
Idioma:francès
Publicat: París Dunod 1959
Col·lecció:L'Economie d'Enterprise, 7
Matèries:
Etiquetes: Afegir etiqueta
Sense etiquetes, Sigues el primer a etiquetar aquest registre!

MARC

LEADER 00000nam a2200000 a 4500
001 UCQ8921
003 CL-VaPUC
008 981217e19590000FR |||||||||||||||||fre|d
082 0 4 |a 658.403  |b KAU  |2 21 
100 |a Kaufmann, Arnold  |e author  |9 479848 
245 1 0 |a Méthodes et modèles de la recherche opérationnelle: les mathématiques de l'enterprise 
300 |a v 
942 |c BK 
945 |d 19981217 00:00:00  |a crobeson 
260 |a París  |b Dunod  |c 1959 
650 0 |a Investigación operativa  |9 259383 
583 |a last modification  |c 19981217 00:00:00  |k Rodrigo Vera 
490 0 |a L'Economie d'Enterprise, 7 
999 |c 278086  |d 278084 
952 |0 0  |1 0  |4 0  |6 658_403000000000000_KAU_1959  |7 0  |8 A  |9 316430  |a BIBMAT  |b BIBMAT  |d 2019-11-20  |h v.1  |i 131002K  |o 658.403 KAU 1959  |p 131002K  |r 2025-01-07  |w 2019-11-20  |y BK  |k MAT 
952 |0 0  |1 0  |4 0  |6 658_403000000000000_KAU_1959  |7 0  |8 A  |9 316432  |a BIBMAT  |b BIBMAT  |d 2019-11-20  |h v.2  |i 1310046  |o 658.403 KAU 1959  |p 1310046  |r 2025-01-07  |w 2019-11-20  |y BK  |k MAT 
952 |0 0  |1 0  |4 0  |6 658_403000000000000_KAU_1959  |7 0  |8 A  |9 316433  |a BIBMAT  |b BIBMAT  |d 2019-11-20  |h v.2  |i 1310054  |o 658.403 KAU 1959  |p 1310054  |r 2025-01-07  |w 2019-11-20  |y BK  |k MAT